<?xml version="1.0" encoding="UTF-8"?>
<marc:record xmlns:marc="http://www.loc.gov/MARC21/slim" type="Bibliographic">
   <marc:leader>00000pam a2200000 c 4500</marc:leader>
   <marc:controlfield tag="001">973121513</marc:controlfield>
   <marc:controlfield tag="003">DE-101</marc:controlfield>
   <marc:controlfield tag="005">20171203172700.0</marc:controlfield>
   <marc:controlfield tag="007">tu</marc:controlfield>
   <marc:controlfield tag="008">041210s2005    gw ||||| |||| 00||||ger  </marc:controlfield>
   <marc:datafield ind1=" " ind2=" " tag="015">
      <marc:subfield code="a">05,A23,0982</marc:subfield>
      <marc:subfield code="z">05,N02,2111</marc:subfield>
      <marc:subfield code="2">dnb</marc:subfield>
   </marc:datafield>
   <marc:datafield ind1="7" ind2=" " tag="016">
      <marc:subfield code="2">DE-101</marc:subfield>
      <marc:subfield code="a">973121513</marc:subfield>
   </marc:datafield>
   <marc:datafield ind1=" " ind2=" " tag="020">
      <marc:subfield code="a">9783476019509</marc:subfield>
      <marc:subfield code="c">Pp. : EUR 49.95, ca. sfr 80.00</marc:subfield>
      <marc:subfield code="9">978-3-476-01950-9</marc:subfield>
   </marc:datafield>
   <marc:datafield ind1=" " ind2=" " tag="020">
      <marc:subfield code="a">3476019500</marc:subfield>
      <marc:subfield code="c">Pp. : EUR 49.95, ca. sfr 80.00</marc:subfield>
      <marc:subfield code="9">3-476-01950-0</marc:subfield>
   </marc:datafield>
   <marc:datafield ind1="3" ind2=" " tag="024">
      <marc:subfield code="a">9783476019509</marc:subfield>
   </marc:datafield>
   <marc:datafield ind1=" " ind2=" " tag="035">
      <marc:subfield code="a">(DE-599)DNB973121513</marc:subfield>
   </marc:datafield>
   <marc:datafield ind1=" " ind2=" " tag="035">
      <marc:subfield code="a">(OCoLC)232001556</marc:subfield>
   </marc:datafield>
   <marc:datafield ind1=" " ind2=" " tag="040">
      <marc:subfield code="a">1245</marc:subfield>
      <marc:subfield code="b">ger</marc:subfield>
      <marc:subfield code="c">DE-101</marc:subfield>
      <marc:subfield code="d">9999</marc:subfield>
   </marc:datafield>
   <marc:datafield ind1=" " ind2=" " tag="041">
      <marc:subfield code="a">ger</marc:subfield>
   </marc:datafield>
   <marc:datafield ind1=" " ind2=" " tag="044">
      <marc:subfield code="c">XA-DE-BW</marc:subfield>
   </marc:datafield>
   <marc:datafield ind1="7" ind2="4" tag="082">
      <marc:subfield code="a">830</marc:subfield>
      <marc:subfield code="q">DE-101</marc:subfield>
      <marc:subfield code="2">22sdnb</marc:subfield>
   </marc:datafield>
   <marc:datafield ind1=" " ind2=" " tag="090">
      <marc:subfield code="a">b</marc:subfield>
   </marc:datafield>
   <marc:datafield ind1="0" ind2="0" tag="245">
      <marc:subfield code="a">Schiller-Handbuch</marc:subfield>
      <marc:subfield code="b">Leben - Werk - Wirkung</marc:subfield>
      <marc:subfield code="c">hrsg. von Matthias Luserke-Jaqui unter Mitarbeit von Grit Dommes</marc:subfield>
   </marc:datafield>
   <marc:datafield ind1=" " ind2="1" tag="264">
      <marc:subfield code="a">Stuttgart</marc:subfield>
      <marc:subfield code="a">Weimar</marc:subfield>
      <marc:subfield code="b">Metzler</marc:subfield>
      <marc:subfield code="c">2005</marc:subfield>
   </marc:datafield>
   <marc:datafield ind1=" " ind2=" " tag="300">
      <marc:subfield code="a">X, 651 S.</marc:subfield>
      <marc:subfield code="c">24 cm</marc:subfield>
   </marc:datafield>
   <marc:datafield ind1=" " ind2=" " tag="336">
      <marc:subfield code="a">Text</marc:subfield>
      <marc:subfield code="b">txt</marc:subfield>
      <marc:subfield code="2">rdacontent</marc:subfield>
   </marc:datafield>
   <marc:datafield ind1=" " ind2=" " tag="337">
      <marc:subfield code="a">ohne Hilfsmittel zu benutzen</marc:subfield>
      <marc:subfield code="b">n</marc:subfield>
      <marc:subfield code="2">rdamedia</marc:subfield>
   </marc:datafield>
   <marc:datafield ind1=" " ind2=" " tag="338">
      <marc:subfield code="a">Band</marc:subfield>
      <marc:subfield code="b">nc</marc:subfield>
      <marc:subfield code="2">rdacarrier</marc:subfield>
   </marc:datafield>
   <marc:datafield ind1=" " ind2=" " tag="500">
      <marc:subfield code="a">Literaturangaben</marc:subfield>
   </marc:datafield>
   <marc:datafield ind1=" " ind2=" " tag="520">
      <marc:subfield code="a">"Das Werk lebt", schrieb Schiller 1785. Auch das 200. Todesjahr Schillers beweist: Dieses Urteil ist mehr als zutreffend! In umfassenden Werkanalysen - neben ausgewählten Gedichten alle Dramen und alle essayistischen Schriften - wird in diesem Handbuch Schillers Werk kompakt und verständlich vorgestellt. Im Mittelpunkt steht der bedeutendste Werkkomplex: die Dramen. Die literatur- und kulturgeschichtlichen Bezüge werden vorgestellt und das grundsätzliche anthropologische Interesse des Dichters, Mediziners, Philosophen und Historikers Schiller gewürdigt. Umfangreiche Angaben zur Entstehungs- und Deutungsgeschichte sowie knappe Einführungen in den aktuellen Forschungsstand mit zahlreichen weiterführenden Literaturhinweisen runden die einzelnen Artikel ab. Zum 200. Todestag Schillers Aktueller Forschungsstand Mit Lebens- und Werkchronik sowie Literaturhinweisen</marc:subfield>
   </marc:datafield>
   <marc:datafield ind1="1" ind2="7" tag="600">
      <marc:subfield code="0">(DE-588)118607626</marc:subfield>
      <marc:subfield code="0">http://d-nb.info/gnd/118607626</marc:subfield>
      <marc:subfield code="0">(DE-101)118607626</marc:subfield>
      <marc:subfield code="a">Schiller, Friedrich</marc:subfield>
      <marc:subfield code="d">1759-1805</marc:subfield>
      <marc:subfield code="2">gnd</marc:subfield>
   </marc:datafield>
   <marc:datafield ind1=" " ind2=" " tag="653">
      <marc:subfield code="a">(VLB-PF)BB: Gebunden</marc:subfield>
   </marc:datafield>
   <marc:datafield ind1="0" ind2="0" tag="689">
      <marc:subfield code="0">(DE-588)118607626</marc:subfield>
      <marc:subfield code="0">http://d-nb.info/gnd/118607626</marc:subfield>
      <marc:subfield code="0">(DE-101)118607626</marc:subfield>
      <marc:subfield code="D">p</marc:subfield>
      <marc:subfield code="a">Schiller, Friedrich</marc:subfield>
      <marc:subfield code="d">1759-1805</marc:subfield>
   </marc:datafield>
   <marc:datafield ind1="0" ind2=" " tag="689">
      <marc:subfield code="5">DE-101</marc:subfield>
      <marc:subfield code="5">DE-101</marc:subfield>
   </marc:datafield>
   <marc:datafield ind1="1" ind2=" " tag="700">
      <marc:subfield code="0">(DE-588)120805758</marc:subfield>
      <marc:subfield code="0">http://d-nb.info/gnd/120805758</marc:subfield>
      <marc:subfield code="0">(DE-101)120805758</marc:subfield>
      <marc:subfield code="a">Luserke-Jaqui, Matthias</marc:subfield>
      <marc:subfield code="d">1959-</marc:subfield>
      <marc:subfield code="e">Herausgeber</marc:subfield>
      <marc:subfield code="4">edt</marc:subfield>
   </marc:datafield>
   <marc:datafield ind1="0" ind2="8" tag="776">
      <marc:subfield code="i">Online-Ausg.</marc:subfield>
      <marc:subfield code="t">Schiller-Handbuch</marc:subfield>
      <marc:subfield code="d">Stuttgart : J.B. Metzler'sche Verlagsbuchhandlung und Carl Ernst Poeschel Verlag GmbH, 2011</marc:subfield>
      <marc:subfield code="h">Online-Ressource, 14 schw.-w. Tab., 2 schw.-w. Ill.</marc:subfield>
      <marc:subfield code="w">(DE-101)1022598775</marc:subfield>
      <marc:subfield code="b">1. Aufl.</marc:subfield>
   </marc:datafield>
   <marc:datafield ind1=" " ind2=" " tag="850">
      <marc:subfield code="a">DE-101a</marc:subfield>
      <marc:subfield code="a">DE-101b</marc:subfield>
   </marc:datafield>
   <marc:datafield ind1="4" ind2="2" tag="856">
      <marc:subfield code="m">V:DE-605</marc:subfield>
      <marc:subfield code="q">application/pdf</marc:subfield>
      <marc:subfield code="u">http://d-nb.info/973121513/04</marc:subfield>
      <marc:subfield code="3">Inhaltsverzeichnis</marc:subfield>
   </marc:datafield>
   <marc:datafield ind1="r" ind2=" " tag="925">
      <marc:subfield code="a">ra</marc:subfield>
   </marc:datafield>
</marc:record>
